02043nam a22003617a 4500952010700000952010700107952010700214952011000321952010900431999001700540005001700557008004100574020002200615020001900637050002200656082002700678100004100705245007300746250001700819260003800836300002200874500004700896505043700943519004301380519004301423650001401466650002101480700004201501700004401543700003801587700004401625942001201669 00102lcc4070a15b15d2013-09-25l0o658.4092 H116h 2009p15 006304r2017-12-07t1w2014-01-24yLB 00102lcc4070a15b15d2013-11-04l0o658.4092 H116h 2009p15 006363r2017-12-07t2w2014-01-24yLB 00102lcc4070a15b15d2013-11-04l0o658.4092 H116h 2009p15 006364r2017-12-07t3w2014-01-24yLB 00104070a03b03d2015-07-07l17oHD57.7 H33 2009p03 007917r2019-06-12s2019-06-12t1w2015-07-07yLB 00104070a18b18d2018-08-01l4oHD57.7 H33 2009p18 004660r2020-02-07s2020-02-07t1w2018-08-01yLB c91815d9181520231102151633.0140124s2009 mx ad||| |||| 00| 0 spa d a13: 9789701068755 a10: 970106875004aHD57.7 bH33 200904a658.4092 bH116h 20091 aMadrigal Torres, Berta Ermilaeautor10aHabilidades directivasc / Berta Ermila Madrigal Torres ... [et.al.] a2a edición aMéxicob : Mc Graw-Hillc, 2009 axx, 258 páginas aIncluye: índice temático (pp. 251-258) aHabilidades directivas y su clasificación La alta dirección y sus habilidades Inteligencia emocional, habilidad imprescindible para dirigir Comunicación Administración del tiempo Creatividad Toma de decisiones, esencia de la dirección Trabajo en equipo y manejo de conflictos Liderazgo Negociación como habilidad Motivación, habilidad elemental del directivo La habilidad estratégica Habilidades del pensamiento aMaterial Complementario /d(03 007917) aMaterial Complementario /d(18 004660)14aLIDERAZGO24aAPTITUD DE MANDO1 aMadrigal Torres, Berta Ermilaeautora1 aFranco García, Rita Guadalupeeautora1 aGonzález Montoya, Hildaeautora1 aOchoa Ramos, Angélica Leticiaeautora cLB2lcc